000 00667cam a22002172 4500
001 0000007222
005 20151217155832.0
008 071203s xx 000 0 eng d
020 _a9966441905 :
_cKES 646
040 _aKABU
_cKABU
100 1 _aKokwaro, J. O.
_@0000158376
245 1 0 _aMedicinal plants of East Africa /
_cJ. O. Kokwaro.
250 _a2nd ed.
260 _aNairobi :
_bK. L. B.,
_c1993.
300 _axiv, 401 p.
650 0 _aMedicinal plants
_zAfrica, East.
_@0000158377
650 0 _aMateria medica, Vegetable
_zAfrica, East.
_@0000158378
908 _a071203
950 _@1
999 _c13047
_d13047